Exploring Engineering: (Record no. 169681)

MARC details
000 -LEADER
fixed length control field 00940nam a2200301 a 4500
008 - FIXED-LENGTH DATA ELEMENTS--GENERAL INFORMATION
fixed length control field
020 ## - INTERNATIONAL STANDARD BOOK NUMBER
International Standard Book Number 9780128012420 (hardback)
049 ## - LOCAL HOLDINGS (OCLC)
Holding library MAIN
090 ## - LOCALLY ASSIGNED LC-TYPE CALL NUMBER (OCLC); LOCAL CALL NUMBER (RLIN)
Classification number (OCLC) (R) ; Classification number, CALL (RLIN) (NR) TA147
Local cutter number (OCLC) ; Book number/undivided call number, CALL (RLIN) KOS
003 - CONTROL NUMBER IDENTIFIER
control field
005 - DATE AND TIME OF LATEST TRANSACTION
control field 20230123141220.0
040 ## - CATALOGING SOURCE
Transcribing agency NUST
100 1# - MAIN ENTRY--PERSONAL NAME
Personal name Kosky, Phillip
245 10 - TITLE STATEMENT
Title Exploring Engineering:
Remainder of title an introduction to engineering and design /
Statement of responsibility, etc. Kosky Phillip, Balmer Robert, Keat William and Wise George
260 ## - PUBLICATION, DISTRIBUTION, ETC.
Place of publication, distribution, etc. United Kingdom :
Name of publisher, distributor, etc. Elsevier,
Date of publication, distribution, etc. 2016
300 ## - PHYSICAL DESCRIPTION
Extent Fourth Edition.
300 ## - PHYSICAL DESCRIPTION
Extent xxvi, 525 pages :
Other physical details illustrations ;
Dimensions 24 cm
336 ## - CONTENT TYPE
Content type term text
Content type code txt
Source rdacontent
337 ## - MEDIA TYPE
Media type term unmediated
Media type code n
Source rdamedia
338 ## - CARRIER TYPE
Carrier type term volume
Carrier type code nc
Source rdacarrier
500 ## - GENERAL NOTE
General note Includes index.
650 #1 - SUBJECT ADDED ENTRY--TOPICAL TERM
Topical term or geographic name entry element Engineering.
700 ## - ADDED ENTRY--PERSONAL NAME
Personal name Wise, George.
700 ## - ADDED ENTRY--PERSONAL NAME
Personal name Keat, William.
700 ## - ADDED ENTRY--PERSONAL NAME
Personal name Balmer, Robert.
907 ## - LOCAL DATA ELEMENT G, LDG (RLIN)
a .b10409191
b 08-09-21
c 08-09-21
942 ## - ADDED ENTRY ELEMENTS (KOHA)
Koha item type Ordinary Loan Books
Call number prefix TA147
Call number suffix KOS
Holdings
Date last seen Total Checkouts Full call number Barcode Cost, replacement price Price effective from Koha item type Lost status Source of classification or shelving scheme Damaged status Not for loan Collection Withdrawn status Home library Current library Shelving location Date acquired Cost, normal purchase price
01/23/2023   TA147 KOS 92004048019 80.00 01/23/2023 BOOKS   LCC     NFIC   MAIN MAIN GEN 01/23/2023 80.00